| 000 | 01014nam a22002417a 4500 | ||
|---|---|---|---|
| 001 | 73 | ||
| 003 | FISKH | ||
| 005 | 20230926135754.0 | ||
| 008 | 230221b cb ||||| |||| 00| 0 eng d | ||
| 020 | _a9781407157504 | ||
| 040 |
_aMePoLT _cMePoLT _erda _beng _dFISKH |
||
| 050 | _aPZ7.S86037 H | ||
| 082 | _a813.54 | ||
| 100 | 1 | _aStine, R.L. | |
| 245 | 1 | 0 | _aThe Haunted Mask (Goosebumps). |
| 264 | 1 |
_aLondon _bScholastic _c2015 |
|
| 300 |
_a144 p. _c20 cm. |
||
| 520 | _aThe Haunted Mask (Goosebumps) by R.L. Stine (2015) | ||
| 520 | _aCarly Beth has no idea what she wants to be for Halloween. But she knows it needs to be really scary. When she finds an old mask at a nearby party store she begs the man to let her buy the mask despite his reluctance. Everything seems good and scary at first, but when Carly Beth starts getting strange thoughts while wearing the mask and even has trouble getting it off, things start to get really creepy! | ||
| 521 | 8 |
_a580 _bLexile |
|
| 521 | 8 |
_aK _bRaz-Plus |
|
| 942 |
_2ddc _cBK |
||
| 999 |
_c73 _d73 |
||